| 000 | 00605nam a22001697a 4500 | ||
|---|---|---|---|
| 008 | 150330b xxu||||| |||| 00| 0 eng d | ||
| 020 | _a0813201012 | ||
| 050 | _aBR60.A62F3 V101 | ||
| 100 |
_aTheodoret of Cyrus _916775 |
||
| 245 |
_aCommentary on the psalms psalms 1-72 _c/by Theodoret of Cyrus |
||
| 260 |
_aWashington D.C. _bThe Catholic University of America Press _c2000 |
||
| 300 |
_axiv,437p. ; _c21cm. |
||
| 440 |
_aThe Fathers of the Church _nno.1 _916776 |
||
| 650 |
_aBible O.T. Psalms commentaries early works to 1800 _916777 |
||
| 700 |
_aHill, Robert C. _916786 |
||
| 942 |
_2lcc _cMONOGRAPH |
||
| 999 |
_c122551 _d122551 |
||